| 000 | 00565nam a2200133 4500 | ||
|---|---|---|---|
| 008 | 02006 2006 0a n 000 0MEX | ||
| 050 | _aTA160 MR5 T6 2006 | ||
| 082 | _a692.3 T6c | ||
| 100 | _aToledo Lopez, Ernesto | ||
| 245 | _aConstruccion del Centro de Salud Primera Etapa en la Localidad de Tehuixtla Morelos / Ernesto Toledo Lopez | ||
| 300 | _a157 p. / 29 cm. | ||
| 502 | _aConstruccion del Centro de Salud Primera Etapa en la Localidad de Tehuixtla Morelos I.T.Z. (Ing. Civil) Ing. David Zuñiga Malpica | ||
| 650 | _a1. CIMENTACIONES / 2. ALBAÑILERIA | ||
| 999 |
_c19939 _d19939 |
||